书目信息 |
| 题名: |
食用菌菌种生产与管理手册
|
|
| 作者: | ;全国食用菌品种认定委员会 编 | |
| 分册: | ||
| 出版信息: | 北京 中国农业出版社 2006 |
|
| 页数: | 361页 | |
| 开本: | 21cm | |
| 丛书名: | ||
| 单 册: | ||
| 中图分类: | S646.036-62 | |
| 科图分类: | ||
| 主题词: | 食用菌类--菌种--培养--(育种)--手册 , 菌种 , 培养 , 食用菌类 | |
| 电子资源: | ||
| ISBN: | 7-109-11145-8 | |
| 000 | 01240nam0 2200289 450 | |
| 000 | 01246nam0 2200289 450 | |
| 000 | 01172nam0 2200265 450 | |
| 000 | 01136nam0 2200253 45 | |
| 005 | 20070515113048.31 | |
| 010 | @a7-109-11145-8@dCNY18.00 | |
| 100 | @a20070325d2006 em y0chiy0120 ea | |
| 101 | 0 | @achi |
| 102 | @aCN@b110000 | |
| 105 | @aa z 000yy | |
| 200 | 1 | @a食用菌菌种生产与管理手册@AShi Yong Jun Jun Zhong Sheng Chan Yu Guan Li Shou Ce@e《食用菌菌种管理办法》实施必读@E《 Shi Yong Jun Jun Zhong Guan Li Ban Fa》 Shi Shi Bi Du@f全国食用菌品种认定委员会编@FQuan Guo Shi Yong Jun Pin Zhong Ren Ding Wei Yuan Hui Bian |
| 210 | @a北京@c中国农业出版社@d2006 | |
| 215 | @a361页@c图@d21cm | |
| 330 | @a本书有三篇内容。第一篇:食用菌菌种生产基础知识、第二篇:食用菌菌种生种技术、第三篇:食用菌菌种生产和质量控制。 | |
| 517 | 1 | @a《食用菌菌种管理办法》实施必读@A《 Shi Yong Jun Jun Zhong Guan Li Ban Fa》 Shi Shi Bi Du |
| 606 | 0 | @a食用菌类@x菌种@x培养@x(育种)@j手册 |
| 606 | 0 | @a菌种 |
| 606 | 0 | @a培养 |
| 606 | 0 | @a食用菌类 |
| 690 | @aS646.036-62@v4 | |
| 711 | 02 | @a全国食用菌品种认定委员会@AQuan Guo Shi Yong Jun Pin Zhong Ren Ding Wei Yuan Hui@4编 |
| 801 | 0 | @aCN@bTAOJIN@c20070515 |
| 905 | @a10447@dS646.036-62@e159 | |
| 食用菌菌种生产与管理手册:《食用菌菌种管理办法》实施必读/全国食用菌品种认定委员会编.-北京:中国农业出版社,2006 |
| 361页:图;21cm |
| ISBN 7-109-11145-8:CNY18.00 |
| 本书有三篇内容。第一篇:食用菌菌种生产基础知识、第二篇:食用菌菌种生种技术、第三篇:食用菌菌种生产和质量控制。 |
| ● |
| 相关链接 |
|
|
|
|
正题名:食用菌菌种生产与管理手册
索取号:S646.036-62/159
 
预约/预借
| 序号 | 登录号 | 条形码 | 馆藏地/架位号 | 状态 | 备注 |
| 1 | 0520270 | 205202706 | 第二样本阅览室/ [索取号:S646.036-62/159] | 在馆 | |
| 2 | 0520271 | 205202715 | 第三借阅区/ [索取号:S646.036-62/159] | 在馆 | |
| 3 | 0520272 | 205202724 | 第三借阅区/ [索取号:S646.036-62/159] | 在馆 |